All the peoples of Iran - Statistics

General Stats
  • This quiz has been taken 4 times
  • The average score is 6 of 25
Answer Stats
Answer % Correct
Georgians
75%
Jews
75%
Persians/Iranians
75%
Arabs
50%
Armenians
50%
Azerbaijanis
50%
Kurds
50%
Turkmens
50%
Assyrian
25%
Baloch
25%
Pashtuns
25%
Tajiks
25%
Aimaq
0%
Bakhtiari
0%
Circassians
0%
Gilaks
0%
Hazaras
0%
Khorasani Turks
0%
Lurs
0%
Mazanderani
0%
Ossetians
0%
Qashqai
0%
Shahsevan
0%
Talysh
0%
Yazidis
0%
No matching quizzes found
Score Distribution
Percent of People with Each Score
Percentile by Number Answered
Your Score History
You have not taken this quiz